Calculation of the thermal field emission preceding the explosion of microemitters caused by field-emission pulses; Russian Physics Journal; Vol. 13, № 4

Dades bibliogràfiques
Parent link:Russian Physics Journal
Vol. 13, № 4.— 1970.— P. 537-540
Autor principal: Litvinov E. A.
Altres autors: Mesyats G. A. Gennady Andreyevich, Shubin A. F.
Sumari:В фонде НТБ ТПУ отсутствует
Idioma:anglès
Publicat: 1970
Matèries:
Format: MixedMaterials Capítol de llibre
KOHA link:https://koha.lib.tpu.ru/cgi-bin/koha/opac-detail.pl?biblionumber=596923

MARC

LEADER 00000naa0a2200000 4500
001 596923
005 20250127095823.0
035 |a (RuTPU)RU\TPU\tpu\19983 
090 |a 596923 
100 |a 20110909d1970 k||y0rusy50 ba 
101 0 |a eng 
102 |a RU 
200 1 |a Calculation of the thermal field emission preceding the explosion of microemitters caused by field-emission pulses  |f E. A. Litvinov, G. A. Mesyats, A. F. Shubin 
320 |a Lit. cit.: p. 540 (9 tit.) 
333 |a В фонде НТБ ТПУ отсутствует 
461 |t Russian Physics Journal 
463 |t Vol. 13, № 4  |v P. 537-540  |d 1970 
610 1 |a труды учёных ТПУ 
700 1 |a Litvinov  |b E. A. 
701 1 |a Mesyats  |b G. A.  |c russian physicist  |c academican, vice-president of RAS  |c graduate of Tomsk Polytechnic Institute  |f 1936-  |g Gennady Andreyevich  |3 (RuTPU)RU\TPU\pers\28088  |4 070 
701 1 |a Shubin  |b A. F. 
801 1 |a RU  |b 63413507  |c 20110909 
942 |c CR